00338nam a2200121Ia 450000500170000000800410001702000180005810000430007624500380011926000290015730000140018665000160020020250519150720.0231217s9999 xx 000 0 und d a9781933988665 aMarmanis, Haralambos. Babenko, Dmitry. 0aAlgorithms of the intelligent Web c2009bManningaGreenwich axxii, 345 aintelligent